Mannschaften der 3. Liga - Statistiken

Allgemein
  • Dieses Quiz wurde 96 mal gespielt
    8 seit der letzten Aktualisierung
  • Das Durchschnittsergebnis liegt bei 18 aus 20
Antwortstatistiken
Mannschaften % Korrekt
1.FC Schweinfurt 05
100%
FC Energie Cottbus
100%
FC Hansa Rostock
100%
SC Verl
100%
SSV Jahn Regensburg
100%
SSV Ulm 1846
100%
TSG 1899 Hoffenheim II
100%
TSV 1860 München
100%
VfB Stuttgart II
100%
1.FC Saarbrücken
86%
Alemannia Aachen
86%
FC Erzgebirge Aue
86%
FC Ingolstadt 04
86%
MSV Duisburg
86%
SV Waldhof Mannheim
86%
FC Viktoria Köln
71%
Rot-Weiss Essen
71%
SV Wehen Wiesbaden
71%
TSV Havelse
71%
VfL Osnabrück
71%
Keine übereinstimmenden Quizze gefunden
Verteilung der Resultate
Anzahl Personen mit jedem Resultat
Perzentil nach korrekt beantworteten Fragen
Ihre Resultats-Entwicklung
Sie haben dieses Quiz seit der letzten Aktualisierung nicht gespielt